| 000 -CABECERA |
| fixed length control field |
01732nam a22002177a 4500 |
| 003 - IDENTIFICADOR DEL NÚMERO DE CONTROL |
| control field |
AR-CdUCM |
| 008 - DATOS DE LONGITUD FIJA--INFORMACIÓN GENERAL |
| fixed length control field |
190318b ||||| |||| 00| 0 spa d |
| 040 ## - FUENTE DE LA CATALOGACIÓN |
| Agencia/entidad que catalogó originalmente la obra |
MUNICIPALIDAD PROVINCIAL DEL CUSCO |
| Entidad que transcribió la catalogación |
BIBLIOTECA MUNICIPAL DEL CUSCO |
| 082 ## - NÚMERO DE LA CLASIFICACIÓN DECIMAL DEWEY |
| No. de Clasificación |
985.01 / |
| Notacion interna |
K26 |
| 100 ## - ENTRADA PRINCIPAL--NOMBRE DE PERSONA |
| Nombre Personal |
Kauffmann Doig, Federico |
| 245 ## - MENCIÓN DE TÍTULO |
| Título |
Historia del Perú antiguo : |
| Resto del título |
una nueva perspectiva / |
| 260 ## - PUBLICACIÓN, DISTRIBUCIÓN, ETC. |
| Lugar de publicación, distribución, etc. |
Lima : |
| Nombre de la editorial, distribuidor, etc. |
Editora Perú, |
| Fecha de publicación, distribución, etc. |
1992. |
| 300 ## - DESCRIPCIÓN FÍSICA |
| Nº de Páginas Extensión |
8 tomos ; |
| Otros detalles físicos |
ilustraciones, mapas, cuadros, |
| Dimensiones |
18 cm. |
| 440 ## - MENCIÓN DE SERIE/PUNTO DE ACCESO ADICIONAL--TÍTULO |
| Título |
Biblioteca de La Tercera. |
| 9 (RLIN) |
18529 |
| 505 ## - NOTA DE CONTENIDO CON FORMATO |
| Nota de contenido formateada |
Contenido: t.1: Los orígenes -- t.2: Formación de las sociedades complejas -- t.3: Las culturas americanas y peruanas en el tiempo y el espacio -- t.4: Otras expresiones del contexto Chavín -- Expresiones tardías de la etapa II-A -- La etapa II-B -- t.5: Las lineas de Nazca y Palpa -- Cultura Recuay -- La etapa II-C -- Huari (o wari) -- t.6: Cuadro del antiguo Perú en vísperas de la expansión Inca -- t.8: Naciones anexadas al Incario -- El Incario: orígenes míticos e historia -- El Incario: territorio y población -- t.9:La prpyeccion a los andes Amazónicos --Población del Tahuantinsuyo --Lengua habladas en el Incario --El incario:organizacion estatal --t.10:El incario:gobierno y administración --Divison territorial cuatro suyos --Los funcionqarios --La base decimal -Camachino, eleccion de los cargos -- t.11. Pre inca -- t.12:Culto a los difuntos --Salud y magia --El incario:arte y cultura --Aspectos científicos --La musica --t.13:El quero --Arte textil --El arte de los metales x el incario ante el mundo. |
| 650 ## - PUNTO DE ACCESO ADICIONAL DE MATERIA--TÉRMINO DE MATERIA |
| Descriptor |
Historia del Perú |
| 9 (RLIN) |
259 |
| 650 ## - PUNTO DE ACCESO ADICIONAL DE MATERIA--TÉRMINO DE MATERIA |
| Descriptor |
Culturas |
| 9 (RLIN) |
18182 |
| 650 ## - PUNTO DE ACCESO ADICIONAL DE MATERIA--TÉRMINO DE MATERIA |
| Descriptor |
Época prehispánica |
| 9 (RLIN) |
2714 |
| 942 ## - ELEMENTOS DE PUNTO DE ACCESO ADICIONAL (KOHA) |
| Fuente de clasificación |
|
| Tipo de item |
Libros-BMC |
| 945 ## - PROCESAMIENTO DE INFORMACIÓN LOCAL (OCLC) |
| Catalogador |
achl |